000 00810nam a2200265 i 4500
001 bg
100 1 _aLIPIŃSKI, Aleksander
245 1 0 _aPrawne podstawy ochrony środowiska /
_cAleksander Lipiński.
260 _aKraków :
_b"Zakamycze",
_c2002.
300 _a350 s. ;
_c24 cm.
490 1 _aSeria Akademicka
500 _aNa okł. podtyt.: podręcznik.
504 _aBibliogr. przy rozdz.
650 9 _aPrawo ochrony środowiska
_zPolska
_ystan na 2002 r.
655 _aPodręczniki akademickie
830 _aSeria Akademicka
020 _a8373330704
040 _cBPK
041 0 _apl
080 _a349.6(438)(075.8)
920 _a83-7333-070-4
942 _cKS
008 s pl f |000 0 pol
999 _c41897
_d41897
856 _uhttp://koha.tu.koszalin.pl/cgi-bin/koha/opac-detail.pl?biblionumber=41897
_yKatalog online BPK